Automatizácia merania vybraných charakteristík op-tických snímačov (Automatization of measurement of chosen character-istics of optical sensors ) [CD-ROM] : Diplomová práca
Salvato in:
| Autore principale: | |
|---|---|
| Altri autori: | , |
| Natura: | Manoscritto Libro |
| Lingua: | slovacco |
| Pubblicazione: |
Bratislava :
STU v Bratislave SjF,
2008
|
| Edizione: | 1.vyd. |
| Soggetti: | |
| Tags: |
Nessun Tag, puoi essere il primo ad aggiungerne!!
|
MARC
| LEADER | 00000ntm a22000003a 4500 | ||
|---|---|---|---|
| 001 | stu176726 | ||
| 005 | 20151124100204.7 | ||
| 008 | 081203s2008----xo------------------slo-d | ||
| 040 | |a STU |b slo | ||
| 041 | 0 | |a slo | |
| 044 | |a xo | ||
| 100 | 1 | |a Karlik, Zdenko, |d 1984- |4 aut |u J0020 |9 100 |U SjF Strojnícka fakulta |T SjF Ústav automatizácie, merania a aplikovanej informatiky |X 14496 |U J0020 |Y 802 |7 A000014496 | |
| 245 | 1 | |a Automatizácia merania vybraných charakteristík op-tických snímačov (Automatization of measurement of chosen character-istics of optical sensors ) [CD-ROM] : |b Diplomová práca | |
| 250 | |a 1.vyd. | ||
| 260 | |a Bratislava : |b STU v Bratislave SjF, |c 2008 | ||
| 300 | |a 75 s | ||
| 650 | 7 | |a experiment |2 stusub | |
| 650 | 7 | |a optický snímač |2 stusub | |
| 650 | 7 | |a polohovací stolík |2 stusub | |
| 650 | 7 | |a optical sensor |2 estusub | |
| 650 | 7 | |a positioning table |2 estusub | |
| 700 | 1 | |a Juhás, Martin, |d 1968- |4 xxx |u J0020 |U SjF Strojnícka fakulta |T SjF Ústav automatizácie, merania a aplikovanej informatiky |X 2316 |U J0020 |Y 802 |7 A000002316 | |
| 700 | 1 | |a Valachovič, Miroslav |4 opn | |
| 996 | |b 284J035148 |c J*148/DP |l JJSK |s A |a 24 |w stu176726_0001 | ||